| 000 | 00703nam a2200193 a 4500 | ||
|---|---|---|---|
| 005 | 20210219160345.0 | ||
| 008 | 081020s1994 mx r 000 0 spa d | ||
| 035 | _aUPN01000163762 | ||
| 049 | _aUNE | ||
| 080 | _aDO 341.16: 001(72) "1994" INFN.27 PartIII | ||
| 111 | 2 |
_aUNESCO. Conferencia General _n(27a. : _d1994 : _cParis) |
|
| 245 | 1 | 0 | _aInforme sobre la participación en la 27a. Conferencia de la UNESCO |
| 260 |
_aMéxico : _bCONALMEX, _c1994. |
||
| 300 | _aPág. irregular | ||
| 710 | 2 | _aCONALMEX- Conferencias internacionales | |
| 711 | 2 | _aConferencias internacionales- CONALMEX | |
| 710 | 2 | _aCONALMEX. Comisión Nacional de los Estados Unidos Mexicanos para la UNESCO. | |
| 905 | _aUNESCO | ||
| 999 |
_c135875 _d135875 |
||